Second edition (Record no. 4460)
[ view plain ]
| 000 -CABECERA | |
|---|---|
| campo de control de longitud fija | 00403 a2200145 4500 |
| 003 - IDENTIFICADOR DEL NÚMERO DE CONTROL | |
| campo de control | OSt |
| 005 - FECHA Y HORA DE LA ÚLTIMA TRANSACCIÓN | |
| campo de control | 20250114163340.0 |
| 008 - DATOS DE LONGITUD FIJA--INFORMACIÓN GENERAL | |
| campo de control de longitud fija | 250114b |||||||| |||| 00| 0 eng d |
| 020 ## - NÚMERO INTERNACIONAL ESTÁNDAR DEL LIBRO | |
| Número Internacional Estándar del Libro | 9780273651833 |
| 040 ## - FUENTE DE LA CATALOGACIÓN | |
| Centro/agencia transcriptor | tbs |
| 245 ## - MENCIÓN DE TÍTULO | |
| Título | Second edition |
| 260 ## - PUBLICACIÓN, DISTRIBUCIÓN, ETC. | |
| Fecha de publicación, distribución, etc. | 2002 |
| 773 0# - ENLACE AL DOCUMENTO FUENTE/ENTRADA DE REGISTRO ANFITRIÓN | |
| Número de control del registro | 2895 |
| Encabezamiento principal | Bhimani, Alnoor |
| Lugar, editor y fecha de publicación | Harlow, England : Pearson Education, 2015. |
| Número Internacional Estándar del Libro | 9781292063461 |
| Título | Management and cost accounting |
| 942 ## - ELEMENTOS DE ENTRADA AGREGADA (KOHA) | |
| Fuente del sistema de clasificación o colocación | Clasificación Decimal Dewey |
| Estado de retiro | Estado de pérdida | Fuente del sistema de clasificación o colocación | Estado dañado | No para préstamo | Biblioteca de origen | Biblioteca actual | Fecha de adquisición | Total de préstamos | Signatura topográfica completa | Código de barras | Fecha visto por última vez | Número de copia | Precio válido a partir de | Tipo de ítem Koha |
|---|---|---|---|---|---|---|---|---|---|---|---|---|---|---|
| Clasificación de Library of Congress | TBS Barcelona | TBS Barcelona | 14/01/2025 | HF5657.4 BHI | B03080 | 14/01/2025 | 3 | 14/01/2025 | Book | |||||
| Clasificación de Library of Congress | TBS Barcelona | TBS Barcelona | 14/01/2025 | HF5657.4 BHI | B03077 | 14/01/2025 | 4 | 14/01/2025 | Book |

